000 00544nam a22001937a 4500
005 20230926133628.0
008 230926b ||||| |||| 00| 0 eng d
020 _a9789382267232
040 _aIN-DiNC
_cIN-DiNC
041 _deng
082 _a822.33
_bMAC
245 _aMacbeth/
_cby William Shakespeare and edited by Payal Nagpal
260 _aDelhi:
_bWorldview publications,
_c2016.
300 _axlix, 311p.
650 _aEnglish drama
700 _aShakespeare, William
_eauthor
700 _aNagpal, Payal
_eEditor
942 _2ddc
_cBK
999 _c11659
_d11659